Diagnosi estratègica de la província de Barcelona : una visió sobre els reptes de futur per a un territori complex : document de treball una visió sobre els reptes de futur per a un territori complex :
Descripción Física:
139 p. : taules ; 24 cm
MARC
| LEADER | 00000nam a2200000Ia 4500 | ||
|---|---|---|---|
| 001 | 20833 | ||
| 008 | 160829s2006 xx 000 0 cat d | ||
| 080 | |a M-6-92 | ||
| 245 | |a Diagnosi estratègica de la província de Barcelona : |b una visió sobre els reptes de futur per a un territori complex : |b document de treball | ||
| 260 | |a Barcelona : |b Diputació de Barcelona. [Àrea de Promoció Econòmica i Ocupació], |c 2006 | ||
| 300 | |a 139 p. : |b taules ; |c 24 cm | ||
| 650 | 0 | |a Ordenació del territori |z Barcelona (Província) |9 45062 | |
| 650 | 0 | |a Urbanisme |z Barcelona (Catalunya : Província) |9 18405 | |
| 710 | 1 | |a Barcelona (Catalunya : Província). |b Àrea de Promoció Econòmica i Ocupació |9 17540 | |
| 901 | |a Arxiu | ||
| 942 | |n 1 | ||
| 952 | |0 0 |1 0 |4 0 |6 M692 |7 1 |9 50056 |a Arxiu |b Arxiu |d 2016-12-01 |l 0 |o M-6-92 |p 20833 |r 2016-12-01 00:00:00 |w 2016-12-01 |y ARXIU | ||
| 999 | |c 53898 |d 53898 | ||